000 00357nam a2200133Ia 4500
005 20260326100027.0
008 260326s9999||||xx |||||||||||||| ||und||
100 _aPereira Ferraz, A. L.
245 0 _aArquitetura Oficial II /
_cA. L. Pereira Ferraz
260 _bUniversidad de Sao Paulo
300 _a189 p.
650 _aARQUITECTURA REGIONAL
942 _cBK
999 _c6460
_d6460